|
|
|
|
| LEADER |
00000ckm a2200000 a 4500 |
| 001 |
vtls011594166 |
| 003 |
SK-MaSNL |
| 005 |
20260512122208.0 |
| 007 |
kp bo |
| 008 |
230718q1931 xo g kuslo |
| 015 |
|
|
|a SNBG
|
| 035 |
|
|
|a urn:nbn:sk:snk-km00dty4
|
| 035 |
|
|
|a urn:nbn:sk:snk-km3lu3l
|
| 035 |
|
|
|a 6048C29E-9C94-4DE4-8348-DC4801EDB408
|
| 040 |
|
|
|a SNK
|b slo
|c SNK
|e AACR2
|
| 041 |
0 |
|
|a slo
|
| 043 |
|
|
|a e-xo---
|
| 044 |
|
|
|a xo
|c SK
|
| 072 |
|
7 |
|a 913
|x Regionálna geografia
|2 konspekt
|
| 080 |
|
|
|a 908(437.6)
|2 2011
|
| 080 |
|
|
|a (084.121)
|2 2011
|
| 080 |
|
|
|a 913(437.6)
|2 2011
|
| 245 |
0 |
0 |
|a Predajná
|h grafika
|
| 260 |
|
|
|a B. Bystrica
|b Luna
|c [medzi 1931 a 1948?]
|
| 300 |
|
|
|a 1 pohľadnica
|b čiernobiela
|c 9 x 14 cm
|
| 520 |
8 |
|
|a Zobrazenie: Pohľad v bielom orámovaní na mesto z kopca v popredí spomedzi stromy
|
| 651 |
|
7 |
|a Predajná (Slovensko)
|2 SNKPHgeo
|9 93742
|
| 655 |
|
7 |
|a miestne pohľadnice
|2 SNKPH
|9 70510
|
| 752 |
|
|
|a Slovensko
|d Banská Bystrica
|
| 852 |
|
|
|a Slovenská národná knižnica
|
| 954 |
|
|
|a pohľadnice pôvodné (slovenské)
|2 lita
|
| 958 |
|
|
|a OND
|
| 958 |
|
|
|a GBN
|
| 958 |
|
|
|a GC
|
| 958 |
|
|
|a EUIPO
|
| 999 |
|
|
|c 589961
|d 591891
|
| 952 |
|
|
|a SNK
|b SNK
|y PREZ
|7 0
|p 17A1210888
|o snkSP 19738
|0 0
|1 0
|4 0
|d 2016-11-21
|f 1
|l 0
|r 2026-02-23 15:21:22
|w 2026-02-23
|